| 000 | 06826cam a22019094i 4500 | ||
|---|---|---|---|
| 003 | PE-LiUPU | ||
| 005 | 20250813165613.0 | ||
| 008 | 150624s1999 sp a rb 001 0 spa d | ||
| 020 | _a0815144210 | ||
| 020 | _a9780815144212 | ||
| 035 | _a(Sirsi) i9780815144212 | ||
| 040 |
_aPE-LiUPU _bspa _cPE-LiUPU _dPE-LiUPU _erda |
||
| 041 | 1 |
_aesp _heng |
|
| 049 | _aPRUA | ||
| 082 | 0 | 4 |
_a610.730 1 _bM26 _220 |
| 245 | 0 | 0 |
_aModelos y teorías en enfermería / _cedición Ann Marriner Tomey, Martha Raile Alligood. |
| 250 | _aCuarta edición. | ||
| 264 | 1 |
_aMadrid, España : _bHarcourt Brace, _c1999. |
|
| 300 |
_aXVIII, 555 páginas : _bilustraciones ; _c23 centímetros |
||
| 336 |
_atext _2rdacontent |
||
| 337 |
_aunmediated _2rdamedia |
||
| 338 |
_avolume _2rdacarrier |
||
| 504 | _aBibliografía al final de cada capítulo. | ||
| 504 | _aÍndice : páginas 539-555. | ||
| 505 | 0 | _aAnálisis de las teorías en enfermería -- Introducción a las teorías en enfermería -- Terminología del desarrollo de la teoría -- Historia y filosofía de la ciencia -- Razonamiento lógico -- Proceso de desarrollo de la teoría - Evolución del desarrollo de las teorías de enfermería -- Filosofías -- Florence Nightingale: la enfermería moderna -- Ernestine Wiedenbach: el arte de la ayuda de la enfermería clínica -- Virginia Henderson: definición de enfermería -- Faye Glenn Abdellah: veintiún problemas de enfermería -- Lydia E. Hall: el modelo de introspección, cuidados, curación -- Jean Watson: filosofía y ciencia de la asistencia -- Patricia Benner: del principiante al experto: excelencia y poder de la enfermería clínica -- modelos conceptuales: grandes teorías -- Dorothea E. Orem: teoría del déficit de autocuidado -- Myra Estrin Levine: el modelo de conservación -- Martha E. Rogers: seres humanos unitarios -- Dorothy E. Johnson: Modelo del sistema conductual -- Sor Callista Roy: modelo de adaptación -- Betty Neuman: modelo de sistemas -- Imogene King: marco de sistémico y teoría de la consecución de objetivos -- Nancy Roper, Winifred W. Logan y Alison J. Tierney: elementos de la enfermería: un modelo de enfermería basado en el modelo vital -- Teorías sobre enfermería de nivel medio -- Hildegard E. Peplau: enfermería psicodinámica -- Ida Jean Orlando (Pelletier): teoría del proceso de enfermería -- Joyce Travelbee: modelo de la relación de persona a persona -- Joan Riehl-Sisca: interaccionismo simbólico -- Helen C. Erickson, Evelyn M. Tomlin y Mary Ann P. Swain: modelización y modelización de roles -- Ramona T. Mercer: adopción del rol materna -- Kathryn E. Barnard: modelo de interacción padres-hijos -- Madeleine M. Leininger: cuidados culturales: teoría de la diversidad y de la universalidad -- Rosemarie Rizzo Parse: evolución humana -- Joyce J. Fitzpatrick: modelo del ritmo de la perspectiva vital -- Margaret A. Newman: modelo de la salud -- Evelyn Adam: modelo conceptual de enfermería -- Nola J. Pender: modelo de promoción de la salud. | |
| 526 | _aP203 | ||
| 526 | _aP200 | ||
| 526 | _aSEG65 | ||
| 526 | _aSEG64 | ||
| 526 | _aSEG63 | ||
| 526 | _aSEG62 | ||
| 526 | _aSEG61 | ||
| 526 | _aSEG60 | ||
| 526 | _aSEG59 | ||
| 526 | _aSEG58 | ||
| 526 | _aSEG57 | ||
| 526 | _aSEG56 | ||
| 526 | _aSEG55 | ||
| 526 | _aSEG54 | ||
| 526 | _aSEG53 | ||
| 526 | _aSEG52 | ||
| 526 | _aSEG51 | ||
| 526 | _aSEG50 | ||
| 526 | _aSEG49 | ||
| 526 | _aSEG48 | ||
| 526 | _aSEG47 | ||
| 526 | _aSEG46 | ||
| 526 | _aSEG24 | ||
| 526 | _aSEG23 | ||
| 526 | _aSEG22 | ||
| 526 | _aSEG21 | ||
| 526 | _aSEG20 | ||
| 526 | _aSEG19 | ||
| 526 | _aSEG18 | ||
| 526 | _aSEG17 | ||
| 526 | _aSEG16 | ||
| 526 | _aSEG14 | ||
| 526 | _aSEG13 | ||
| 526 | _aSEG12 | ||
| 526 | _aSEG11 | ||
| 526 | _aSEG10 | ||
| 526 | _aSEG09 | ||
| 526 | _aSEG06 | ||
| 526 | _aSEG05 | ||
| 526 | _aSEG04 | ||
| 526 | _aSEG03 | ||
| 526 | _aSEG02 | ||
| 526 | _aSEG68 | ||
| 526 | _aSEG66 | ||
| 526 | _aSEG45 | ||
| 526 | _aSEG25 | ||
| 526 | _aSEG01 | ||
| 526 | _aP163 | ||
| 526 | _aP162 | ||
| 526 | _aP161 | ||
| 526 | _aP160 | ||
| 526 | _aP159 | ||
| 526 | _aP158 | ||
| 526 | _aP157 | ||
| 526 | _aP156 | ||
| 526 | _aP155 | ||
| 526 | _aP154 | ||
| 526 | _aP153 | ||
| 526 | _aP152 | ||
| 526 | _aP151 | ||
| 526 | _aP150 | ||
| 526 | _aP149 | ||
| 526 | _aP142 | ||
| 526 | _aP141 | ||
| 526 | _aP140 | ||
| 526 | _aP139 | ||
| 526 | _aP138 | ||
| 526 | _aP137 | ||
| 526 | _aP132 | ||
| 526 | _aP131 | ||
| 526 | _aP130 | ||
| 526 | _aP126 | ||
| 526 | _aP125 | ||
| 526 | _aP124 | ||
| 526 | _aP123 | ||
| 526 | _aP115 | ||
| 526 | _aP122 | ||
| 526 | _aP121 | ||
| 526 | _aP116 | ||
| 526 | _a P114 | ||
| 526 | _aP112 | ||
| 526 | _aP111 | ||
| 526 | _aP104 | ||
| 526 | _aP103 | ||
| 526 | _aP102 | ||
| 526 | _aP101 | ||
| 526 | _aP100 | ||
| 526 | _aP96 | ||
| 526 | _aP95 | ||
| 526 | _aP93 | ||
| 526 | _aP92 | ||
| 526 | _aP91 | ||
| 526 | _aP88 | ||
| 526 | _aP83 | ||
| 526 | _aP82 | ||
| 526 | _aP79 | ||
| 526 | _aP78 | ||
| 526 | _aP75 | ||
| 526 | _aP74 | ||
| 526 | _aP71 | ||
| 526 | _aP69 | ||
| 526 | _a P51 | ||
| 526 | _aP49 | ||
| 526 | _aP48 | ||
| 526 | _aP47 | ||
| 526 | _aP33 | ||
| 526 | _aP31 | ||
| 526 | _a P30 | ||
| 526 | _aP29 | ||
| 526 | _aP27 | ||
| 526 | _aP26 | ||
| 526 | _aP25 | ||
| 526 | _aP24 | ||
| 526 | _a P22 | ||
| 526 | _aP10 | ||
| 526 | _aP09 | ||
| 526 | _a P08 | ||
| 526 | _aP06 | ||
| 526 | _aP05 | ||
| 526 | _aP04 | ||
| 526 | _aP01 | ||
| 534 |
_pTítulo original : _tNursing theorists and their work, 4th edition. |
||
| 650 | 1 | 7 |
_aEnfermería _xModelos. |
| 650 | 1 | 7 |
_aEnfermería _xTeorías. |
| 650 | 1 | 7 |
_aEnfermeras _xBiografías. |
| 700 | 1 |
_aMarriner Tomey, Ann, _d1943-, _eeditor. |
|
| 700 | 1 |
_aAlligood, Martha Raile, _eeditor. |
|
| 942 |
_2ddc _cBOOK |
||
| 949 |
_a610.730 1 M26 _wDEWEY _c1 _i53533 _d2016-5-18 _e2016-5-17 _lCCODEBUL1 _mBUL _n4 _p20.00 _r0 _sY _tBOOK _u2015-6-24 _xSALUD _PP22 _0COMPRA _o.STAFF. Colección Ciencias de la Salud |
||
| 949 |
_a610.7301 M26 1999 _wDEWEY _c1 _iFJ06186 _lCCODEBUJ1 _mBUJ _p29.50 _r0 _sY _tBOOK _u2017-05-26 _xSALUD _PP22 _0COMPRA _o.STAFF -- Colección General Juliaca |
||
| 994 |
_aC0 _bPEPRU |
||
| 596 | _a1 3 | ||
| 999 |
_a610.730 1 M26 _wDEWEY _c35546 _i53533 _d35546 _e2018-11-29 _f2021-11-3 _g5 _lCCODEBUL1 _mBUL _n7 _p20.00 _q1 _r0 _sY _tBOOK _u2015-6-24 _xSALUD _zP22 _0COMPRA _o.STAFF. Colección Ciencias de la Salud |
||
| 999 |
_a610.7301 M26 1999 _wDEWEY _c1 _iFJ06186 _d2019-11-21 _e2019-11-20 _f2022-1-25 _g4 _lCCODEBUJ1 _mBUJ _n3 _p29.50 _q3 _r0 _sY _tBOOK _u2017-1-30 _xSALUD _PP22 _0COMPRA _o.STAFF. Colección General Juliaca |
||
| 980 |
_81 _gALBERTO SANCHEZ Responsable de Automatización |
||